Zero to nine / (Record no. 81763)

MARC details
000 -LEADER
fixed length control field 00529nam a22001817a 4500
005 - DATE AND TIME OF LATEST TRANSACTION
control field 20140113105041.0
010 ## - LCCN (DPL NO)
LC control number ENG-109059
020 ## - INTERNATIONAL STANDARD BOOK NUMBER
International Standard Book Number 9788189331061
Terms of availability 480.00
035 ## - SYSTEM CONTROL NUMBER
System control number EN-92592
037 ## - SOURCE OF ACQUISITION
Source of stock number/acquisition DBAD/PUB
082 ## - DEWEY DECIMAL CLASSIFICATION NUMBER
Classification number 306.870954552
100 ## - MAIN ENTRY--PERSONAL NAME
Personal name Gurcharan Singh
245 ## - TITLE STATEMENT
Title Zero to nine /
Statement of responsibility, etc by Gurcharan Singh
260 ## - PUBLICATION, DISTRIBUTION, ETC. (IMPRINT)
Place of publication, distribution, etc Chandigarh
Name of publisher, distributor, etc Enkay Enterprises
Date of publication, distribution, etc 2009
270 ## - ADDRESS
Address SCO 49-51, Basement, Sector 17C
City Chandigarh
Postal code 160017
300 ## - PHYSICAL DESCRIPTION
Extent 192p.
Dimensions 22cm(Hb)
942 ## - ADDED ENTRY ELEMENTS (KOHA)
Source of classification or shelving scheme Dewey Decimal Classification
Item type English Books
Call number suffix GUR
Classification part 306.870954552
Holdings
Withdrawn status Lost status Not for loan Collection code Home library Current library Date acquired Source of acquisition Cost, normal purchase price Full call number Barcode Copy number Cost, replacement price Koha item type
    Not For Loan Non-fiction D.B.Act.Division D.B.Act.Division 09/01/2014 DBAD/PUB 480.00 306.870954552 GUR EN-92592 1 480.00 English Books

© Delhi Public Library
Hit Counter
free hit counter